[Event "12th New York International 2019"]
[Site "New York"]
[Date "2019.07.14"]
[Round "9.4"]
[White "Khamrakulov, Djurabek"]
[Black "Bonin, Jay"]
[Result "1-0"]
[WhiteElo "2506"]
[BlackElo "2284"]
[Annotator "TA"]
[PlyCount "95"]
[EventDate "2019.07.11"]
[EventType "swiss"]
[EventCountry "USA"]
[SourceTitle "playchess.com"]
[Source "ChessBase"]
[SourceQuality "1"]

{[%evp 9,95,56,102,59,65,67,83,63,96,65,79,79,80,79,78,0,63,62,70,34,22,0,0,0,0,0,0,0,0,0,27,25,22,21,53,0,48,58,71,65,62,30,29,35,41,37,51,42,112,95,124,98,125,120,118,130,141,118,131,50,100,100,97,97,165,165,356,355,337,357,380,357,449,444,1926,1926,29963,29966,29964,29966,29967,29968,29967,29969,29974,29975,29976,29977]} 1. e4 e6 2. d4 b6 3. Nc3 Bb4 (3... Bb7 4. Bd3 Bb4 5. Nge2 Nf6 6. a3 Be7 7. O-O d5 8. exd5 Nxd5 9. Ne4 Nd7 10. c4 N5f6 11. Qc2 Bxe4 12. Bxe4 Nxe4 13. Qxe4 {½-½ (66) Karjakin,S (2783)-Nakamura,H (2786) chess.com INT 2017}) 4. Bd3 Ba6 5. Qg4 $146 ({Predecessor:} 5. Bxa6 Nxa6 6. Qd3 Nb8 7. Nge2 Ne7 8. O-O O-O 9. a3 Bxc3 10. Nxc3 f5 11. Bg5 {0-1 (30) Estevez Montilla,F (1973)-Mogro Flores,S (2159) Girona 2014}) 5... g6 6. Nge2 {C01: French: Exchange Variation} Bxd3 7. cxd3 Nc6 8. a3 {White is better.} Be7 9. Qg3 Nf6 10. Bh6 Bf8 11. Bg5 Be7 12. Bh6 Bf8 $1 {[%cal Rf8h6]} 13. Be3 Bg7 14. e5 Ng8 15. Nf4 h5 16. Nfe2 Nge7 17. Bg5 Nf5 18. Qf4 $1 $36 {[%mdl 2048] White has good play.} Qc8 19. Ne4 Qa6 20. Nf6+ Bxf6 $1 21. Bxf6 Rg8 22. d5 (22. Qe4 $1 $14) 22... Qa5+ 23. Nc3 Ncd4 24. dxe6 $1 fxe6 25. Qe4 Kf7 26. b4 Qa6 27. O-O Rab8 28. Bg5 Qb7 (28... Rgc8 $14) 29. f3 $1 $16 d5 30. exd6 cxd6 31. g4 e5 32. Qxb7+ Rxb7 33. gxf5 gxf5 34. h4 (34. f4 $1 $16) 34... Rc7 35. Nd5 Rc2 36. Rf2 $1 {[%cal Rf2c2] Threatens to win with Rxc2.} Rxf2 (36... Rgc8 $16 {is a better defense.}) 37. Kxf2 $18 Rc8 $2 {[#]} (37... Ke6) 38. Rc1 $1 {[%cal Rc1c8]} Rxc1 39. Bxc1 f4 40. a4 b5 41. Bb2 {Strongly threatening Bxd4.} bxa4 {[#]} (41... Nc2 $142 42. Ke2 Ke6) 42. Bxd4 $1 exd4 {[%mdl 4096] Endgame KN-KP} 43. b5 {White mates.} a3 44. Nb4 Ke7 45. Ke2 Kd7 46. Kd2 Kc7 47. Nd5+ Kb7 48. Kc2 {Accuracy: White = 70%, Black = 49%.} 1-0